zpět

Detail výsledku týmu

The Pub Praha 2 PO, Praha

Datum a čas kvízu

33 Celkem bodů Celkový počet nahraných bodů na tomto kvízu bez doplňovacích otázek.
6. Pořadí na kvízu Konečné umístění týmu na tomto kvízu.

Zaznamenané odpovědi

# Otázka Odpověď Body Výsledky
1. V Rokycanech podal minulý týde... členy Ku-klux-klanu 1
2. Francouzské námořnictvo muselo... A 1
3. Na snímku vidíme umělce jménem... Banksy 1
4. Jak se jmenuje nový moderátor... Martin Řezníček 1
5. Tereza Voborníková potvrdila s... v Oslu 0
1. Vítězné téma „vražedně“ těsnéh... Hercule Poirot 1
2. Půl bodu získáte za jméno fikt... Harry (Hieronymus) Bosch, Michael Connelly 0
3. Přiřaďte autory severských det... 1D 2A 3C 4B 0
4. Pán ohně, Čtvrtá oběť, Sál smr... Peter May, Čína 0
5. Jednou z nejúspěšnějších český... Zmizela v mlze (Norsko), Ostrov šedých mnichů (Nizozemsko) 0